000 00498nam a2200181Ia 4500
999 _c1695
_d1695
003 OSt
005 20200930112134.0
008 190216s9999||||xx |||||||||||||| ||und||
020 _a8171418538
040 _coclc
082 _a571.629
_bGUP/P
100 _aGupta, G P
_94799
245 0 _aPlant Cell Biology /
_cG P Gupta
260 _bDiscovery Publishing House,
_aDelhi:
_c2004.
300 _a322p
650 _aBotany
942 _cBK
_2ddc
_h571.629
_iGUP/P
_k571.629
_mGUP/P